01092nam a2200265 a 4500008004100000010001600041040002800057050002400085082001200109092002200121099002100143100002700164245007100191260007800262300002100340505023000361600002700591650003500618902000600653905001600659905001600675942001200691999001900703952010400722870812s1985    cu            000 0 spa    a   86218100  aDLCcDLCdDLCcEG-GiCUC00aPQ7389.L68bM5 198500a86221904a862.64bL868m221  a04a862.64 L868m1 aLoredo Alonso, Romulo.14aLas mil y una noches guajiras :bperfil libre /cRâomulo Loredo.  aCiudad de la Habana :bUniâon de Escritores y Artistas de Cuba,cc1985.  a567 p. ;c18 cm.0 aLas mil y una noches guajiras -- Carnaval en pueblo chico -- Baile de sociedad -- El mâedico improvisado -- El velorio de Pachencho -- Mefistâofeles -- Apâendice -- Algunas consideraciones acerca del teatro bufo cubano.10aLoredo Alonso, Romulo. 0aSpanish dramay20th century.    a1  aJamaleRev.  aJihaneCat.  2ddccBK  c138274d138274  2ddc70aCUCLbcl312d2024-02-11o862.64 L868m Spa.p01000116005301000r2024-07-05 00:00:00tC.1yBK